Представление документа в формате RUSMARC

ПолеНазваниеЗначение
  Тип записи a
  Библиографический уровень m
001 Контрольный номер RU/CBS_UL/BASE/247fab36ede54bf895104bff032de080
005 Дата корректировки 20260116153308.4
010 Индекс ISBN __
d Цена 1 р. 30 к.
9 Тираж 50 000 экз.
100 Данные общей обработки __
a Данные общей обработки 20260116d 0rusy0189## ca
101 Язык документа 0_
a Язык текста rus
102 Страна публикации __
a Страна публикации RU
200 Заглавие и сведения об ответственности 1_
a Заглавие Трудные дороги к Олимпу
e Сведения, относящиеся к заглавию о подготовке к Олимпийским играм 1952 г.
f Первые сведения об ответственности Н. Н. Романов
210 Выходные данные 1_
a Место издания Москва
c Издательство Физкультура и спорт
d Дата издания 1987
215 Физическое описание __
a Объем 319, [1] с.
d Формат 20 см.
300 Общие примечания __
a Общие примечания 12+
300 Общие примечания __
a Общие примечания Под инв. номером 23040: Цс-2, 17-1, 19-1
606 Тематические рубрики 0_
a Основная рубрика Олимпийские игры летние - 1952 - Хельсинки
610 Ключевые слова 0_
a Ключевые слова спорт; игры Олимпийские; история игр; движение физкультурное
686 Индексы других классификаций __
2 Код системы rubbk
a Классификационный индекс 75
700 Автор _1
a Фамилия Романов
b Имя (инициалы) Н. Н.
g Полное личное имя Николай Николаевич
801 Источник записи _0
a Страна RU
b Организация МБУК ЦБС г. Ульяновска
c Дата составления 20260116
g Правила каталогизации RCR
801 Источник записи _1
a Страна RU
b Организация МБУК ЦБС г. Ульяновска
c Дата составления 20260116
g Правила каталогизации RCR
852 Данные о местонахождении __
i Авторский знак Р 69
j Шифр хранения 75
901 Тип документа __
t Тип документа m
909 Создатель записи __
a Создатель записи obr3
b Дата создания записи 20260116